00917cam a2200241 a 45000010009000000050017000090080041000260100017000670200039000840400018001230500028001412450062001692600061002313000033002925040051003256500041003766500052004176500037004696500048005066500044005546500050005987000027006481586147220170207110147.0090810s2010 njua b 001 0 eng  a 2009031403 a9781405169301 (cloth : alk. paper) aDLCcDLCdDLC00aRA1242 b .H35P47 201000aPersistent organic pollutants /cedited by Stuart Harrad. aChichester, West Sussex, United Kingdom :bWiley,c2010. axi, 277 p. :bill. ;c25 cm. aIncludes bibliographical references and index. 0aOrganohalogen compoundsxToxicology. 0aOrganohalogen compoundsxEnvironmental aspects. 0aFireproofing agentsxToxicology. 0aFireproofing agentsxEnvironmental aspects. 0aPersistent pollutantsxBioaccumulation. 0aPersistent pollutantsxEnvironmental aspects.1 aHarrad, Stuart,d1962-